000 00301nam a2200109Ia 4500
008 200302s9999 xx 000 0 und d
100 _aWendy W. Staebler
245 _aArchitectural detailing In Contract Interiors
260 _bWhitney Library of Design Publication
260 _c1988
300 _a256 P.,
999 _c1109
_d1109